000 00963nam a2200289Ia 4500
001 Para_8811
003 CHAP
008 220125s2003 xx 000 0 und d
010 _a207574
040 _cCHAP
090 _aPA TESIS 1774
100 _aVallejo Pérez, Moisés Roberto
_9117645
245 _aEnfermedades del pimiento morrón (Capsicum annuum L.), en postcosecha /
_c por Moisés Roberto Vallejo Pérez
260 _aChapingo, Méx. :
_b el autor
300 _a69 h.
502 _aTesis (Ing. Agr. Esp. en Parasitología Agrícola) -- UACh. Departamento Parasitología Agrícola
650 _aChile (botánica)
_x variedades
650 _aChile pimiento
_x enfermedades
_922476
710 _aUACh. Departamento Parasitología Agrícola
_9164025
901 _aPA TESIS 1774
902 _aA
905 _a0000002003 dn 0000000000 00
910 _a2003
942 _cPARA
942 _cPARA
_d1
999 _c207574
_d207574